Speaking our minds (Record no. 58053)

MARC details
000 -LEADER
fixed length control field 00647nam a2200169 a 4500
008 - FIXED-LENGTH DATA ELEMENTS--GENERAL INFORMATION
fixed length control field 120416s1996 ||||||||||||||||| || u
020 ## - INTERNATIONAL STANDARD BOOK NUMBER
International Standard Book Number 0333678508
050 ## - LIBRARY OF CONGRESS CALL NUMBER
Classification number PN 6010 Spe
100 ## - MAIN ENTRY--PERSONAL NAME
Personal name Read, Jim
245 10 - TITLE STATEMENT
Title Speaking our minds
Statement of responsibility, etc. edited by Jim Read
246 ## - VARYING FORM OF TITLE
Title proper/short title an aunthology of personal experiences of mental distress and its consequences
260 ## - PUBLICATION, DISTRIBUTION, ETC.
Place of publication, distribution, etc. London
Name of publisher, distributor, etc. Open University Press
Date of publication, distribution, etc. 1996
300 ## - PHYSICAL DESCRIPTION
Extent xviii, 216p.
350 ## - PRICE (NR) (BK AM CF MU VM SE) [OBSOLETE]
Price 0.00
700 ## - ADDED ENTRY--PERSONAL NAME
Personal name Reynolds, Jill
995 ## - RECOMMENDATION 995 [LOCAL, UNIMARC FRANCE]
-- 0.00
-- CBU-MAIN LIBRARY (Kitwe)
-- 1
-- 12.95
-- 1
-- AVAILABLE
-- Nov 24, 2006
-- Main Library Open Access Collection
Holdings
Withdrawn status Lost status Source of classification or shelving scheme Damaged status Not for loan Home library Current library Shelving location Date acquired Total Checkouts Full call number Barcode Date last seen Price effective from Koha item type
          CBU-MAIN LIBRARY, KITWE. CBU-MAIN LIBRARY, KITWE.   11/30/2022   PN 6010 Spe 45406 11/30/2022 11/30/2022 MONOGRAPH